| 000 | 00999nam a2200217Ia 4500 | ||
|---|---|---|---|
| 999 |
_c34779 _d34779 |
||
| 001 | 589 | ||
| 003 | GE_BSU | ||
| 005 | 20221223123652.0 | ||
| 008 | 181216s2008||||ge |||||||||||||| ||geo|| | ||
| 020 | _a9789941100499 | ||
| 040 | _cGE_BSU | ||
| 041 | _ageo | ||
| 080 | _a340.1(075.8) თ–93 | ||
| 100 |
_aთეზელიშვილი, სოლომონ _912293 |
||
| 245 |
_aსახელმწიფოსა და სამართლის თეორია : _b(ენციკლოპედიური მასალა) / _cსოლომონ თეზელიშვილი; რედ: თამუნა აბსანაძე, ომარ კელაპტრიოშვილი. |
||
| 264 |
_aთბილისი : _bმერიდიანი, _c2008. |
||
| 300 |
_a840 გვ.: _b სქ. ; _c20სმ. |
||
| 653 | _aსახელმწიფოს თეორია; | ||
| 653 | _aსამართლის თეორია; | ||
| 942 |
_cBK _2udc |
||